Liability and the chartered surveyor. Albany Hotel, Glasgow 11 October 1988 (Record no. 92243)

MARC details
000 -LEADER
fixed length control field 00727cam a2200253 4500
001 - CONTROL NUMBER
control field B2078
008 - FIXED-LENGTH DATA ELEMENTS--GENERAL INFORMATION
fixed length control field 090401t1988 xxu||||| |||| 00| 0 eng d
035 ## - SYSTEM CONTROL NUMBER
System control number (Sirsi) u47906
041 ## - LANGUAGE CODE
Language code of text/sound track or separate title eng
050 ## - LIBRARY OF CONGRESS CALL NUMBER
Classification number 346.41032
090 ## - LOCALLY ASSIGNED LC-TYPE CALL NUMBER (OCLC); LOCAL CALL NUMBER (RLIN)
Classification number (OCLC) (R) ; Classification number, CALL (RLIN) (NR) RICS 1988/39ABCD
110 ## - MAIN ENTRY--CORPORATE NAME
Corporate name or jurisdiction name as entry element Institution and College Conferences
9 (RLIN) 2330
245 ## - TITLE STATEMENT
Title Liability and the chartered surveyor. Albany Hotel, Glasgow 11 October 1988
260 ## - PUBLICATION, DISTRIBUTION, ETC.
Place of publication, distribution, etc. London
Name of publisher, distributor, etc. RICS
Date of publication, distribution, etc. 1988
300 ## - PHYSICAL DESCRIPTION
Extent 4 papers
350 ## - PRICE (NR) (BK AM CF MU VM SE) [OBSOLETE]
Price 0
520 ## - SUMMARY, ETC.
Summary, etc. Papers by Kindred,Alan , Moynihan,Gerry , Murrells,Paul and Nicholson,Gordon
650 ## - SUBJECT ADDED ENTRY--TOPICAL TERM
Topical term or geographic name entry element ABOUT RICS-RICS MEMBERS
650 ## - SUBJECT ADDED ENTRY--TOPICAL TERM
Topical term or geographic name entry element LIABILITY
650 ## - SUBJECT ADDED ENTRY--TOPICAL TERM
Topical term or geographic name entry element NEGLIGENCE
650 ## - SUBJECT ADDED ENTRY--TOPICAL TERM
Topical term or geographic name entry element RISK MANAGEMENT
942 ## - ADDED ENTRY ELEMENTS (KOHA)
Suppress in OPAC 0
948 ## - LOCAL PROCESSING INFORMATION (OCLC); SERIES PART DESIGNATOR (RLIN)
c (OCLC) 04/03/1997
Holdings
Withdrawn status Lost status Source of classification or shelving scheme Damaged status Not for loan Home library Current library Shelving location Date acquired Total Checkouts Full call number Barcode Date last seen Copy number Price effective from Koha item type
    Dewey Decimal Classification     London London RICS Boxes 04/06/1996   RICS 1988/39 30021955 06/08/2019 1 06/08/2019 Book
    Dewey Decimal Classification     London London RICS Boxes 02/10/1991   RICS 1988/39 30029379 06/08/2019 1 06/08/2019 Book
    Dewey Decimal Classification     London London RICS Boxes 02/10/1991   RICS 1988/39 30029380 06/08/2019 2 06/08/2019 Archive
    Dewey Decimal Classification     London London RICS Boxes 06/09/1995   RICS 1988/39 30048995 06/08/2019 3 06/08/2019 Reference material